[Event "Troy (US Am N/1/6)"]
[Site "?"]
[Date "1995.??.??"]
[Round "?"]
[White "Osak, J."]
[Black "Geisleman, Dennis"]
[Result "0-1"]
[WhiteElo "1605"]
[BlackElo "2080"]
[PlyCount "88"]
[EventDate "1995.??.??"]

{1/(6)} 1. d4 Nf6 2. Nf3 c5 3. e3 e6 4. Bd3 d5 5. c3 Nbd7 6. Nbd2 b6 7. O-O Bb7
8. Re1 cxd4 9. exd4 Be7 10. Qe2 Qc7 11. Ng5 Nf8 12. Bb5+ N6d7 13. Ndf3 Bxg5 14.
Nxg5 h6 15. Bxd7+ Qxd7 16. Nf3 f6 17. Bf4 g5 18. Bg3 Kf7 19. h3 Ng6 20. Rac1
Rhe8 21. b4 a5 22. b5 Rac8 23. a4 Kg7 24. h4 g4 25. Nh2 h5 26. f3 e5 27. dxe5
Nxe5 28. Bxe5 Rxe5 29. Qf2 Rxe1+ 30. Qxe1 d4 31. fxg4 hxg4 32. Nxg4 dxc3 33.
Qg3 Qd2 34. Nxf6+ Kxf6 35. Rf1+ Ke6 36. Re1+ Kd5 37. Re5+ Kc4 38. Qg4+ Qd4+ 39.
Qxd4+ Kxd4 40. Re1 Kd3 41. Rd1+ Ke2 42. Rf1 c2 43. Rf2+ Ke3 44. Rf3+ Bxf3 0-1

[Event "Eastpointe (MCO/6/28)"]
[Site "?"]
[Date "1995.??.??"]
[Round "?"]
[White "Oprean, G."]
[Black "Murphy, L."]
[Result "1-0"]
[WhiteElo "1605"]
[BlackElo "1605"]
[PlyCount "91"]
[EventDate "1995.??.??"]

{6/(28)} 1. c4 e5 2. Nc3 Bc5 3. e3 Nc6 4. Nge2 Nf6 5. d4 Bb4 6. d5 Ne7 7. a3
Ba5 8. b4 c6 9. d6 Ng6 10. c5 b5 11. Ng3 Nh4 12. e4 O-O 13. Bg5 Ng6 14. Nh5 h6
15. Bxf6 Bxb4 16. Bxd8 Bxc3+ 17. Ke2 Bxa1 18. Qxa1 Rxd8 19. f4 Re8 20. f5 Nf4+
21. Nxf4 exf4 22. Kf3 f6 23. Bd3 Bb7 24. Bb1 a5 25. Ba2+ Kh7 26. Bf7 Rf8 27.
Bg6+ Kh8 28. Re1 b4 29. a4 Ba6 30. e5 Bc4 31. exf6 Rxf6 32. g4 fxg3 33. hxg3 b3
34. g4 Rb8 35. Qb2 Bf7 36. Bxf7 Rxf7 37. Re7 Kg8 38. Rxf7 Kxf7 39. Kg3 Kg8 40.
Kh4 Rb4 41. Kh5 Kf7 42. g5 hxg5 43. Kxg5 Rb8 44. f6 gxf6+ 45. Qxf6+ Kg8 46. Kg6
1-0

[Event "Eastpointe (MCO/5/28)"]
[Site "?"]
[Date "1995.??.??"]
[Round "?"]
[White "Oprean, G."]
[Black "McCarter, Robert"]
[Result "0-1"]
[WhiteElo "1605"]
[BlackElo "1760"]
[PlyCount "74"]
[EventDate "1995.??.??"]

{5/(28)} 1. c4 c5 2. Nc3 Nc6 3. e3 g6 4. d4 cxd4 5. exd4 Bg7 6. Nf3 d6 7. Be3
e6 8. Be2 Nge7 9. Bg5 Qb6 10. Nb5 Nf5 11. Be3 O-O 12. O-O a6 13. c5 Qd8 14.
Nxd6 Nxd6 15. cxd6 Qxd6 16. a3 b5 17. Qd2 Rd8 18. Rfd1 Bb7 19. Bf4 Qd5 20. Qe3
Nxd4 21. Ne1 Nxe2+ 22. Qxe2 Qb3 23. Rd3 Qxb2 24. Qxb2 Bxb2 25. Rad1 Rd5 26. Bd2
Rxd3 27. Nxd3 Bxa3 28. Bg5 Kg7 29. Ne1 Bd5 30. Be3 Be7 31. Bb6 a5 32. Rb1 Bc4
33. Nf3 a4 34. Bd4+ Bf6 35. Bxf6+ Kxf6 36. Ne1 a3 37. Rb4 a2 0-1

[Event "Eastpointe (MCO/1/18)"]
[Site "?"]
[Date "1995.??.??"]
[Round "?"]
[White "Oprean, G."]
[Black "Mankiewicz, Ryan"]
[Result "0-1"]
[WhiteElo "1605"]
[BlackElo "1995"]
[PlyCount "64"]
[EventDate "1995.??.??"]

{1/(18)} 1. c4 e5 2. Nc3 d6 3. e4 f5 4. d3 Nf6 5. Be2 Be7 6. Nd5 Nxd5 7. cxd5
O-O 8. Nf3 Nd7 9. Bd2 Nf6 10. Qc2 Bd7 11. g3 Rc8 12. O-O-O c6 13. dxc6 Bxc6 14.
Bc3 fxe4 15. dxe4 Bxe4 16. Qd2 d5 17. Nxe5 Bxh1 18. Rxh1 d4 19. Bc4+ Rxc4 20.
Nxc4 dxc3 21. Qxc3 b5 22. Ne3 Qc8 23. Qxc8 Rxc8+ 24. Kb1 Ne4 25. f4 Nd2+ 26.
Ka1 Bf6 27. Nd5 Rc2 28. Nxf6+ gxf6 29. b3 Kf7 30. f5 a5 31. g4 Ne4 32. Re1 Nc3
0-1

[Event "East Lansing (MEX/4/6)"]
[Site "?"]
[Date "1995.??.??"]
[Round "?"]
[White "O'Donnell, Robert"]
[Black "Pence, Mark"]
[Result "1-0"]
[WhiteElo "2250"]
[BlackElo "2120"]
[PlyCount "141"]
[EventDate "1995.??.??"]

{4/(6)} 1. d4 Nf6 2. c4 e6 3. Nf3 d5 4. Nc3 Be7 5. Bg5 h6 6. Bh4 O-O 7. e3 a6
8. Rc1 Nbd7 9. Bd3 dxc4 10. Bxc4 b5 11. Bb3 Bb7 12. O-O Rc8 13. Qe2 Ne4 14. Bg3
Bf6 15. Bc2 Nxg3 16. hxg3 c5 17. Qd3 g6 18. Rcd1 c4 19. Qd2 Qe7 20. e4 b4 21.
Ne2 Bg7 22. e5 Rfd8 23. Qe1 Nb6 24. g4 Nd5 25. Ng3 c3 26. b3 a5 27. Kh2 Nc7 28.
Ne4 Nb5 29. Rh1 Qc7 30. Kg1 Na3 31. Bd3 Qb6 32. Qe3 Bxe4 33. Bxe4 c2 34. Rc1
Rc3 35. Qf4 Rxf3 36. Qxf3 Qxd4 37. g3 Qd2 38. Kg2 Bxe5 39. Bxc2 Nxc2 40. Rhd1
Ne1+ 41. Rxe1 Qb2 42. Rcd1 Rxd1 43. Qxd1 Bd4 44. Re2 Qa1 45. Qxa1 Bxa1 46. Rc2
Bc3 47. a4 Kg7 48. Re2 Kf6 49. Re4 Be5 50. Rc4 Bd6 51. Rc6 Be7 52. Kf3 Ke5 53.
Rc7 Kf6 54. Ke4 Bd8 55. Rc6 Ke7 56. Rc1 Bb6 57. f3 Bf2 58. Rc7+ Kf6 59. Rb7 g5
60. Rb5 Bxg3 61. Rxa5 Kg6 62. Rb5 h5 63. gxh5+ Kxh5 64. Rxb4 g4 65. fxg4+ Kxg4
66. Ke3+ Kg5 67. Rb5+ f5 68. a5 Kg4 69. a6 Bh2 70. Kf2 e5 71. a7 1-0

[Event "East Lansing (MEX/3/5)"]
[Site "?"]
[Date "1995.??.??"]
[Round "?"]
[White "O'Donnell, Robert"]
[Black "Koster, Ed"]
[Result "1/2-1/2"]
[WhiteElo "2250"]
[BlackElo "2105"]
[PlyCount "52"]
[EventDate "1995.??.??"]

{3/(5)} 1. d4 Nf6 2. c4 g6 3. Nc3 d5 4. Nf3 Bg7 5. Qb3 dxc4 6. Qxc4 O-O 7. e4
Na6 8. Be2 c5 9. d5 e6 10. O-O exd5 11. exd5 Bf5 12. Bg5 h6 13. Bh4 Qb6 14. Na4
Qb4 15. Rac1 Rfe8 16. Qxb4 Nxb4 17. Bb5 Bd7 18. Bxd7 Nxd7 19. Nxc5 Nxc5 20.
Rxc5 Bxb2 21. d6 g5 22. Bg3 b6 23. Rb5 Ba3 24. h4 f6 25. hxg5 hxg5 26. Rd1 Rad8
1/2-1/2

[Event "Dearborn (MI Inv/3)"]
[Site "Dearborn"]
[Date "1995.??.??"]
[Round "?"]
[White "O'Donnell, Robert"]
[Black "Finegold, Ben"]
[Result "0-1"]
[WhiteElo "2235"]
[BlackElo "2600"]
[PlyCount "60"]
[EventDate "1995.??.??"]

1. d4 Nf6 2. c4 c5 3. d5 e5 4. Nc3 d6 5. e4 Be7 6. h3 Nbd7 7. Nge2 Nf8 8. Ng3
Ng6 9. Bd3 O-O 10. a3 h6 11. Nf5 Nh7 12. b4 b6 13. O-O Bg5 14. Bb2 Nf4 15. Ne2
g6 16. Nfg3 Bd7 17. Nxf4 exf4 18. Nh1 Bf6 19. Qd2 f3 20. Rfe1 fxg2 21. Kxg2
Bxb2 22. Qxb2 Qh4 23. Re3 Ng5 24. e5 Bxh3+ 25. Kg1 Qg4+ 26. Ng3 Nf3+ 27. Kh1
Nxe5 28. Be2 Qh4 29. Re4 Bg4+ 30. Kg1 f5 0-1

[Event "Dearborn (MI Inv/4)"]
[Site "Dearborn"]
[Date "1995.??.??"]
[Round "?"]
[White "O'Donnell, Robert"]
[Black "Feldman, Steve"]
[Result "1/2-1/2"]
[WhiteElo "2235"]
[BlackElo "2340"]
[PlyCount "98"]
[EventDate "1995.??.??"]

1. d4 d5 2. c4 Nc6 3. Nc3 dxc4 4. Nf3 Nf6 5. Bg5 h6 6. Bxf6 exf6 7. e3 Bd6 8.
Bxc4 O-O 9. Qc2 a6 10. a3 Bg4 11. h3 Bd7 12. O-O f5 13. Rfe1 Rc8 14. b4 Ne7 15.
Rad1 a5 16. bxa5 Ra8 17. a6 bxa6 18. Qa2 Ng6 19. e4 fxe4 20. Nxe4 Ba4 21. Rb1
Bb5 22. Bd5 c6 23. Bb3 Bd3 24. Rbd1 Bxe4 25. Rxe4 Qf6 26. Rde1 Nf4 27. Ne5 Bxe5
28. dxe5 Qg5 29. g3 Nd3 30. R1e3 Nc5 31. Rg4 Qe7 32. Bc4 Rad8 33. Qc2 Kh8 34.
Ba2 Ne6 35. Qxc6 a5 36. Qf3 Nd4 37. Qe4 Ne6 38. Qa4 Rd2 39. Bxe6 fxe6 40. Rf4
Rxf4 41. Qxf4 Rd1+ 42. Kg2 Qc5 43. Rb3 Rd4 44. Rb8+ Kh7 45. Qf8 Qxe5 46. Qg8+
Kg6 47. Qe8+ Kh7 48. Qg8+ Kg6 49. Qe8+ Kh7 1/2-1/2

[Event "East Lansing (Class DE/2/23)"]
[Site "?"]
[Date "1995.??.??"]
[Round "?"]
[White "O'Dell, Ray"]
[Black "Sullivant-Jones, W."]
[Result "1-0"]
[WhiteElo "1605"]
[BlackElo "1605"]
[PlyCount "53"]
[EventDate "1995.??.??"]

{2/(23)} 1. c4 e5 2. Nc3 Nf6 3. e4 c5 4. Be2 b6 5. Nf3 Nc6 6. a3 Bb7 7. d3 d6
8. Bg5 h6 9. Bxf6 Qxf6 10. Nd5 Qd8 11. O-O Ne7 12. Nh4 Nxd5 13. Qa4+ Qd7 14.
Qxd7+ Kxd7 15. exd5 Kc7 16. f4 g5 17. fxg5 hxg5 18. Rxf7+ Kb8 19. Ng6 Rh6 20.
Nxf8 Bc8 21. Raf1 a5 22. Nh7 Rg6 23. R1f6 Rxf6 24. Rxf6 Ra7 25. Nxg5 Rg7 26.
Ne4 Bh3 27. g3 1-0

[Event "East Lansing (Class DE/5/21)"]
[Site "?"]
[Date "1995.??.??"]
[Round "?"]
[White "O'Dell, Ray"]
[Black "Priebe, Raymond"]
[Result "1/2-1/2"]
[WhiteElo "1605"]
[BlackElo "1605"]
[PlyCount "76"]
[EventDate "1995.??.??"]

{5/(21)} 1. c4 e5 2. e4 Nf6 3. d3 Nc6 4. a3 Bc5 5. Nf3 Nd4 6. b4 Nxf3+ 7. Qxf3
Bd4 8. Ra2 d6 9. h3 O-O 10. Be3 Bxe3 11. Qxe3 Re8 12. Be2 c5 13. O-O Qb6 14.
Qd2 Be6 15. b5 a5 16. a4 Qd8 17. f4 g6 18. f5 Bd7 19. Qg5 Kg7 20. fxg6 fxg6 21.
Nc3 Rf8 22. Bg4 Bxg4 23. hxg4 b6 24. Nd5 Nxd5 25. Qxd8 Rxf1+ 26. Kxf1 Rxd8 27.
exd5 Rf8+ 28. Rf2 Rf6 29. Ke2 Rf4 30. Rxf4 exf4 31. Kf3 g5 32. g3 fxg3 33. Kxg3
Kf6 34. Kf3 Ke5 35. Ke3 h6 36. Kf3 Kd4 37. Ke2 Ke5 38. Kf3 Kd4 1/2-1/2

[Event "Troy (TCC Res/3/21)"]
[Site "?"]
[Date "1995.??.??"]
[Round "?"]
[White "O'Dell, Ray"]
[Black "Munsell, T."]
[Result "0-1"]
[WhiteElo "1605"]
[BlackElo "1605"]
[PlyCount "104"]
[EventDate "1995.??.??"]

{3/(21)} 1. c4 e5 2. e4 Nf6 3. d3 Bc5 4. Nf3 d6 5. Bg5 h6 6. Bxf6 Qxf6 7. Be2
Nc6 8. a3 a6 9. b4 Bd4 10. Ra2 Be6 11. O-O b5 12. Nbd2 a5 13. Nb3 axb4 14.
Nfxd4 Nxd4 15. Nxd4 exd4 16. a4 bxc4 17. dxc4 c5 18. Bd3 O-O 19. f4 g6 20. Re2
Bg4 21. e5 dxe5 22. fxe5 Qe7 23. Rf6 Bxe2 24. Qxe2 Kg7 25. Qe4 Kh7 26. Rxg6
fxg6 27. Qxg6+ Kh8 28. Qxh6+ Kg8 29. Be4 Rxa4 30. Bd5+ Rf7 31. Qg6+ Kf8 32.
Qh6+ Ke8 33. Bxf7+ Qxf7 34. Qc6+ Qd7 35. Qg6+ Qf7 36. Qc6+ Qd7 37. Qg6+ Kd8 38.
e6 Qe8 39. Qg5+ Qe7 40. Qd5+ Kc7 41. Qe5+ Kc8 42. Qh8+ Kb7 43. Qh3 Ra1+ 44. Kf2
Qf6+ 45. Qf3+ Qxf3+ 46. Kxf3 Ra6 47. Ke4 Rxe6+ 48. Kd5 Rc6 49. g4 b3 50. h4 b2
51. g5 b1=Q 52. h5 Qf5# 0-1

[Event "Troy (TCC Res/5/15)"]
[Site "?"]
[Date "1995.??.??"]
[Round "?"]
[White "O'Dell, Ray"]
[Black "Cischke, J."]
[Result "1-0"]
[WhiteElo "1605"]
[BlackElo "1605"]
[PlyCount "69"]
[EventDate "1995.??.??"]

{5/(15)} 1. c4 c5 2. e4 Nc6 3. Nf3 d6 4. h3 Nf6 5. d3 e6 6. Bg5 Be7 7. a3 O-O
8. Be2 Re8 9. Nc3 d5 10. O-O Qc7 11. Qd2 dxc4 12. Nb5 Qb8 13. Bf4 e5 14. Bh2 a6
15. Nc3 cxd3 16. Bxd3 Be6 17. Qe3 Qc7 18. Na2 Rad8 19. b4 Bxa2 20. Rxa2 cxb4
21. axb4 Nxb4 22. Bxe5 Qd7 23. Rd2 Nxd3 24. Rfd1 Qc6 25. Rxd3 Rxd3 26. Rxd3
Nxe4 27. Qe1 Rd8 28. Rxd8+ Bxd8 29. Qd1 Bf6 30. Bxf6 gxf6 31. Nd4 Qd5 32. Qa1
Nd2 33. Qc3 Ne4 34. Qc8+ Kg7 35. Nf5+ 1-0

[Event "East Lansing (Class DE/3/13)"]
[Site "?"]
[Date "1995.??.??"]
[Round "?"]
[White "O'Dell, Ray"]
[Black "Charette, K."]
[Result "0-1"]
[WhiteElo "1605"]
[BlackElo "1605"]
[PlyCount "96"]
[EventDate "1995.??.??"]

{3/(13)} 1. c4 Nf6 2. Nc3 e6 3. a3 c6 4. d3 d5 5. d4 Nbd7 6. c5 b6 7. b4 a5 8.
Bf4 Nh5 9. e3 Nxf4 10. exf4 Qf6 11. g3 axb4 12. axb4 Rxa1 13. Qxa1 bxc5 14.
bxc5 Qxd4 15. Nge2 Qxc5 16. Bg2 Be7 17. O-O Bf6 18. Qe1 O-O 19. Qd2 Ba6 20. Rc1
Qa5 21. Bf1 e5 22. fxe5 Nxe5 23. Bg2 Nc4 24. Qa2 Qxa2 25. Nxa2 Na5 26. Bf1 Bxe2
27. Bxe2 Re8 28. Bf1 Rc8 29. Bg2 d4 30. Nb4 c5 31. Nd5 Nb3 32. Nxf6+ gxf6 33.
Rd1 c4 34. Bd5 Rc5 35. Be4 c3 36. Bc2 Nd2 37. Kg2 Rb5 38. f3 Rb2 39. Bd3 Nb3+
40. Kg1 c2 41. Bxc2 Rxc2 42. Rd3 Rc3 43. Rxd4 Nxd4 44. Kg2 Nxf3 45. h4 Kg7 46.
h5 Kh6 47. g4 Nh4+ 48. Kh2 Kg5 0-1

[Event "Troy (TCC Res/1/22)"]
[Site "?"]
[Date "1995.??.??"]
[Round "?"]
[White "O'Dell, Ray"]
[Black "Bedy, N."]
[Result "0-1"]
[WhiteElo "1605"]
[BlackElo "1605"]
[PlyCount "118"]
[EventDate "1995.??.??"]

{1/(22)} 1. c4 e5 2. e4 Nf6 3. d3 Bc5 4. a3 Nc6 5. Nf3 O-O 6. Bg5 h6 7. Bxf6
Qxf6 8. Be2 d6 9. Nc3 Be6 10. Nd5 Bxd5 11. cxd5 Nd4 12. O-O Rfc8 13. b4 Bb6 14.
Nd2 Nxe2+ 15. Qxe2 c6 16. Nc4 Bd8 17. Qg4 cxd5 18. exd5 b5 19. Nd2 Qg5 20. Qxg5
Bxg5 21. Ne4 Be7 22. f4 f5 23. Ng3 g6 24. Rac1 Kf7 25. fxe5 dxe5 26. Rc6 Rxc6
27. dxc6 Rc8 28. Rc1 Ke6 29. Ne2 Kd6 30. Rc5 a6 31. d4 exd4 32. Nxd4 Bf6 33.
Nb3 Rxc6 34. Kf1 Rxc5 35. Nxc5 Bb2 36. a4 bxa4 37. Nxa4 Bd4 38. Ke2 Kc6 39. Kd3
Kb5 40. Kxd4 Kxa4 41. Kc4 f4 42. h3 g5 43. Kc3 h5 44. Kc4 g4 45. Kd4 gxh3 46.
gxh3 Kxb4 47. Ke4 a5 48. Kxf4 a4 49. Kg5 a3 50. Kxh5 a2 51. h4 a1=Q 52. Kg4 Qh8
53. h5 Kc5 54. Kg5 Qh7 55. h6 Kd6 56. Kh5 Ke6 57. Kg5 Kf7 58. Kh5 Kf6 59. Kg4
Qxh6 0-1

[Event "Troy (US Am N/3/38)"]
[Site "?"]
[Date "1995.??.??"]
[Round "?"]
[White "Nowicki, B."]
[Black "Smalec, Joseph"]
[Result "1-0"]
[WhiteElo "1605"]
[BlackElo "1605"]
[PlyCount "157"]
[EventDate "1995.??.??"]

{3/(38)} 1. e4 Nc6 2. Nf3 e5 3. Bb5 Bc5 4. c3 Nf6 5. d3 O-O 6. Bxc6 dxc6 7.
Nxe5 Qe7 8. d4 Bd6 9. Bg5 Bxe5 10. Bxf6 Bxf6 11. e5 Bg5 12. O-O Bf5 13. f4 Bh6
14. g4 Be4 15. Qe2 Bd5 16. c4 Be6 17. b3 c5 18. f5 Bd7 19. f6 gxf6 20. Rxf6 Bg7
21. g5 Bxf6 22. gxf6 Qe6 23. d5 Qg4+ 24. Kf2 Qxe2+ 25. Kxe2 Rae8 26. Nc3 Rxe5+
27. Kd2 Rf5 28. Rg1+ Kh8 29. Ne4 Re8 30. Nxc5 Bc8 31. Nd3 Rxf6 32. Rg3 Rh6 33.
Rg2 Bf5 34. Rf2 Bxd3 35. Kxd3 Rh3+ 36. Kc2 Ree3 37. Kb2 Kg8 38. Ka3 Rh6 39. Kb4
Rb6+ 40. Kc5 Ra6 41. b4 c6 42. Kd4 Re8 43. d6 Rd8 44. c5 Ra4 45. Kc4 b5+ 46.
Kb3 Kf8 47. Re2 a5 48. a3 f5 49. Re7 axb4 50. axb4 Re8 51. Rxh7 Re3+ 52. Kc2 f4
53. Rh8+ Kg7 54. d7 Kxh8 55. d8=Q+ Kg7 56. Qg5+ Kh7 57. Qxf4 Re2+ 58. Kd1 Raa2
59. Qh4+ Kg6 60. Qg4+ Kh6 61. Qxe2 Rxe2 62. Kxe2 Kh5 63. Ke3 Kg6 64. Ke4 Kf7
65. Ke5 Ke7 66. h4 Kf8 67. Kd6 Kg8 68. Kxc6 Kh7 69. Kb7 Kg8 70. c6 Kf8 71. c7
Ke7 72. c8=Q Kd6 73. h5 Ke7 74. h6 Kd6 75. h7 Ke7 76. h8=Q Kd6 77. Qhd8+ Ke5
78. Qc5+ Ke6 79. Qdd6+ 1-0

[Event "Troy (US Am N/6/20)"]
[Site "?"]
[Date "1995.??.??"]
[Round "?"]
[White "Nowicki, B."]
[Black "Morabito, Matthew"]
[Result "1-0"]
[WhiteElo "1605"]
[BlackElo "1865"]
[PlyCount "120"]
[EventDate "1995.??.??"]

{6/(20)} 1. e4 c5 2. c4 Nc6 3. Nf3 d6 4. d3 g6 5. Bd2 Bg7 6. Nc3 Nf6 7. Rb1 O-O
8. h3 Ne8 9. g4 e6 10. Bg2 f5 11. g5 fxe4 12. Nxe4 e5 13. a3 Nc7 14. b4 b6 15.
b5 Nd4 16. Nxd4 exd4 17. O-O Rb8 18. Ng3 Bb7 19. Bxb7 Rxb7 20. f4 Qd7 21. Kh2
d5 22. Qf3 Rbb8 23. Rbe1 dxc4 24. dxc4 Ne8 25. a4 Rd8 26. Qd3 Nd6 27. Re2 Qf7
28. Rc1 Rde8 29. Rf2 Re7 30. Qf1 Nf5 31. Nxf5 Qxf5 32. Re2 Rfe8 33. Rxe7 Rxe7
34. Qf3 Qe4 35. Qxe4 Rxe4 36. Re1 Rxe1 37. Bxe1 Kf7 38. Kg3 Ke6 39. Kg4 d3 40.
Bd2 Bd4 41. h4 Bg1 42. h5 Bd4 43. h6 Bg1 44. a5 bxa5 45. Bxa5 Be3 46. Kf3 d2
47. Ke2 Bxf4 48. Bxd2 Bxd2 49. Kxd2 Kf5 50. Ke3 Kxg5 51. Ke4 Kxh6 52. Kd5 g5
53. Kxc5 g4 54. Kd4 g3 55. Ke3 Kg5 56. Kf3 Kh4 57. Kg2 Kg4 58. c5 h5 59. c6 h4
60. c7 h3+ 1-0

[Event "Troy (US Am N/5/20)"]
[Site "?"]
[Date "1995.??.??"]
[Round "?"]
[White "Nowicki, B."]
[Black "McGrath, Michael"]
[Result "1/2-1/2"]
[WhiteElo "1605"]
[BlackElo "1750"]
[PlyCount "21"]
[EventDate "1995.??.??"]

{5/(20)} 1. e4 d5 2. e5 c5 3. Nf3 Nc6 4. c3 Bg4 5. Bb5 Qb6 6. Bxc6+ Qxc6 7. h3
Bf5 8. O-O Bd3 9. Re1 e6 10. Re3 c4 11. Nd4 {[Remainder illegible; 1/2-1/2,
44?]} 1/2-1/2

[Event "Troy (US Am N/1/8)"]
[Site "?"]
[Date "1995.??.??"]
[Round "?"]
[White "Nowicki, B."]
[Black "Dangremond, Leonard"]
[Result "0-1"]
[WhiteElo "1605"]
[BlackElo "2000"]
[PlyCount "96"]
[EventDate "1995.??.??"]

{1/(8)} 1. e4 e5 2. Nf3 Nc6 3. Bb5 a6 4. Ba4 Nf6 5. d3 b5 6. Bb3 d6 7. Bg5 Be7
8. O-O O-O 9. c3 Be6 10. Bc2 h6 11. Bh4 Nh7 12. Bg3 f5 13. h3 fxe4 14. dxe4 Qe8
15. Bb3 Qf7 16. Nbd2 Ng5 17. Qc2 Nd8 18. Rae1 c5 19. Bxe6 Ndxe6 20. Nxg5 Nxg5
21. b3 Ne6 22. Nf3 g5 23. Nh2 Nf4 24. Ng4 Qg6 25. Ne3 Rf7 26. Nf5 Bf8 27. Qd2
Rd8 28. Bh2 d5 29. g4 d4 30. Bxf4 gxf4 31. f3 Qb6 32. Kh2 a5 33. cxd4 cxd4 34.
Qd3 Rc8 35. Rc1 Rfc7 36. Qb1 Ba3 37. Rcd1 Rc2+ 38. Kh1 Rb2 39. Ne7+ Bxe7 40.
Qxb2 b4 41. Rc1 Rc3 42. Rxc3 bxc3 43. Qc2 Qf6 44. Kh2 Bc5 45. Qd3 Qe6 46. Rg1
Be7 47. Rg2 Bh4 48. Qb5 Be1 {[Remainder illegible; 0-1, 60?]} 0-1

[Event "Dearborn (MI Inv/4)"]
[Site "Dearborn"]
[Date "1995.??.??"]
[Round "?"]
[White "Noren, Kevin"]
[Black "Tsemekhman, Vadim"]
[Result "0-1"]
[WhiteElo "2270"]
[BlackElo "2470"]
[PlyCount "136"]
[EventDate "1995.??.??"]

1. e4 e6 2. Qe2 e5 3. g3 Nc6 4. c3 Nf6 5. Bg2 Bc5 6. Nf3 d6 7. O-O O-O 8. b4
Bb6 9. a4 a6 10. d3 Be6 11. Na3 d5 12. Nc2 d4 13. cxd4 exd4 14. Bb2 Bg4 15. h3
Bxf3 16. Qxf3 Re8 17. Qd1 Qd7 18. Kh2 Qe6 19. Qd2 Rad8 20. f4 h6 21. Rfb1 Ne7
22. Ne1 c6 23. Nf3 Nh7 24. Qf2 Nf8 25. f5 Qf6 26. g4 Nd7 27. Kh1 Ne5 28. Nxe5
Qxe5 29. Rc1 Nc8 30. Rf1 f6 31. Bf3 Nd6 32. Bd1 Nf7 33. Bb3 Kf8 34. Bc1 Qe7 35.
Bxf7 Qxf7 36. Qa2 Qxa2 37. Rxa2 Kf7 38. Kg2 Bc7 39. Bd2 h5 40. g5 fxg5 41. Bxg5
Ra8 42. Rb2 Be5 43. Kf3 g6 44. Ke2 gxf5 45. Rxf5+ Ke6 46. Bh4 Rg8 47. Kf1 Bg3
48. Bg5 Raf8 49. Rxf8 Rxf8+ 50. Kg2 Be1 51. h4 Bc3 52. Rb1 b5 53. axb5 axb5 54.
Kg3 Rf7 55. Kg2 Ra7 56. Rf1 Ra2+ 57. Kh3 Bxb4 58. Rf6+ Kd7 59. Rf7+ Ke8 60. Rh7
Bd6 61. e5 Bf8 62. Rc7 Re2 63. Rxc6 Rxe5 64. Rb6 Kd7 65. Bf4 Rf5 66. Kg3 Bb4
67. Bg5 Bd6+ 68. Kg2 b4 0-1

[Event "Lansing (Mini-Swiss.1/1)"]
[Site "?"]
[Date "1995.??.??"]
[Round "?"]
[White "Noren, Kevin"]
[Black "Triplett, Thomas"]
[Result "1-0"]
[WhiteElo "2275"]
[BlackElo "1915"]
[PlyCount "101"]
[EventDate "1995.??.??"]

{1/(1)} 1. e4 c5 2. Nc3 Nc6 3. Nge2 d6 4. d4 cxd4 5. Nxd4 e5 6. Nde2 Nf6 7. Ng3
Be7 8. Bc4 O-O 9. O-O a6 10. a4 Be6 11. Nd5 Bxd5 12. Bxd5 g6 13. c3 Qc7 14. Re1
Nxd5 15. Qxd5 Qa5 16. Qxa5 Nxa5 17. Nf1 Nb3 18. Rb1 Nc5 19. b3 Rac8 20. c4 f6
21. Ba3 Kf7 22. Bxc5 Rxc5 23. Ne3 Ke6 24. Rbd1 f5 25. Nd5 f4 26. f3 b5 27. axb5
axb5 28. cxb5 Rb8 29. b4 Rc2 30. Rc1 Rxc1 31. Rxc1 Bd8 32. Kf1 Rxb5 33. Ke2 Rb8
34. Ra1 Bb6 35. Kd3 Bd4 36. Rc1 Rb7 37. Rc7 Rxc7 38. Nxc7+ Kd7 39. Nd5 Kc6 40.
Kc4 g5 41. h3 h6 42. Ne7+ Kb6 43. Nf5 Bf2 44. Nxh6 Kc7 45. Nf7 Bh4 46. Kd5 Be1
47. b5 Bb4 48. Nxg5 Kb6 49. h4 Kxb5 50. h5 Ba5 51. Nf7 1-0

[Event "Lansing (Mini-Swiss.1/2)"]
[Site "?"]
[Date "1995.??.??"]
[Round "?"]
[White "Noren, Kevin"]
[Black "Schoonmaker, John"]
[Result "1-0"]
[WhiteElo "2280"]
[BlackElo "1940"]
[PlyCount "94"]
[EventDate "1995.??.??"]

{1/(2)} 1. f4 d5 2. Nf3 c5 3. e3 Nc6 4. b3 Bg4 5. Bb5 e6 6. Bb2 Nf6 7. h3 Bxf3
8. Bxc6+ bxc6 9. Qxf3 Ne4 10. O-O Qh4 11. Kh2 f5 12. d3 Nf6 13. Nd2 Be7 14. g3
Qh5 15. Qxh5+ Nxh5 16. c4 Bf6 17. Bxf6 Nxf6 18. Rac1 Nd7 19. Nf3 Ke7 20. Ne5
Rhc8 21. Rf2 Nxe5 22. fxe5 d4 23. exd4 cxd4 24. c5 Rd8 25. h4 Rd5 26. Re2 Rb8
27. Rc4 a5 28. Kg2 Rb5 29. Kf3 Rbxc5 30. Kf4 h6 31. h5 Rxc4 32. bxc4 Rd7 33.
Rb2 Ra7 34. Rb6 Kd7 35. Rb8 Kc7 36. Rg8 Kb6 37. Re8 Kc5 38. Rxe6 Rb7 39. Rg6
Rb2 40. Kxf5 Rf2+ 41. Ke6 Rxa2 42. Kd7 Rd2 43. Rxc6+ Kb4 44. e6 Re2 45. e7
Rxe7+ 46. Kxe7 Kc3 47. Ra6 Kxd3 {1-0, ??.} 1-0

[Event "Dearborn (MI Inv/2)"]
[Site "Dearborn"]
[Date "1995.??.??"]
[Round "?"]
[White "Noren, Kevin"]
[Black "O'Donnell, Robert"]
[Result "1-0"]
[WhiteElo "2270"]
[BlackElo "2235"]
[PlyCount "59"]
[EventDate "1995.??.??"]

1. e4 c5 2. Nf3 Nc6 3. d4 cxd4 4. Nxd4 Nf6 5. Nc3 d6 6. Bc4 Qb6 7. Nb3 a6 8.
Bg5 e6 9. Qd2 Be7 10. f3 O-O 11. O-O-O Rd8 12. g4 Qc7 13. Bd3 b5 14. Be3 Ne5
15. Qf2 Rb8 16. Kb1 Nc4 17. Bc1 a5 18. Nd4 Ba6 19. g5 Nd7 20. f4 b4 21. Nce2
Bf8 22. h4 Nc5 23. h5 Rdc8 24. g6 fxg6 25. hxg6 h6 26. f5 e5 27. f6 exd4 28.
f7+ Kh8 29. Bxh6 gxh6 30. Qf6+ 1-0

[Event "Lansing (Mini-Swiss.1/3)"]
[Site "?"]
[Date "1995.??.??"]
[Round "?"]
[White "Noren, Kevin"]
[Black "Lastra, R."]
[Result "1/2-1/2"]
[WhiteElo "2275"]
[BlackElo "2325"]
[PlyCount "66"]
[EventDate "1995.??.??"]

{1/(3)} 1. e4 e5 2. Nf3 Nc6 3. Nc3 Nf6 4. Bb5 Bb4 5. O-O O-O 6. Bxc6 bxc6 7.
Nxe5 Bxc3 8. dxc3 Nxe4 9. Qf3 f5 10. Qd3 Qe7 11. Qc4+ Kh8 12. Nd3 Qf6 13. f3
Nd6 14. Qa4 Nb5 15. Be3 a6 16. Qa5 Qd8 17. c4 Nd6 18. b3 Nb7 19. Qc3 d6 20. Bd4
Qg5 21. f4 Qg6 22. Qd2 Nd8 23. Rae1 Ne6 24. Bb2 c5 25. Rf3 Nd4 26. Rg3 Qf6 27.
Bc3 Bb7 28. Nc1 Rfe8 29. Rxe8+ Rxe8 30. Re3 Rxe3 31. Qxe3 Qg6 32. Qg3 Qxg3 33.
hxg3 Nxc2 1/2-1/2

[Event "Dearborn (MI Inv/5)"]
[Site "Dearborn"]
[Date "1995.??.??"]
[Round "?"]
[White "Noren, Kevin"]
[Black "Finegold, Ben"]
[Result "0-1"]
[WhiteElo "2270"]
[BlackElo "2600"]
[PlyCount "86"]
[EventDate "1995.??.??"]

1. e4 c5 2. Nf3 Nc6 3. d4 cxd4 4. Nxd4 Nf6 5. Nc3 d6 6. g3 e6 7. Bg2 Bd7 8. O-O
a6 9. a4 Be7 10. Nde2 O-O 11. h3 Rb8 12. g4 b5 13. axb5 axb5 14. b3 h6 15. Nf4
Qc7 16. Nce2 Rfd8 17. Bb2 Rbc8 18. Ng3 d5 19. Nfh5 d4 20. f4 Be8 21. Nxf6+ Bxf6
22. e5 Nxe5 23. fxe5 Bxe5 24. Ne4 Qxc2 25. Rf2 Qc7 26. Rc1 Qe7 27. Rxc8 Rxc8
28. Qd2 Rd8 29. Rf1 Bb8 30. Bc1 Qc7 31. Bh1 d3 32. Qf2 f5 33. gxf5 exf5 34. Nc5
d2 35. Bxd2 Rxd2 36. Qxd2 Qxc5+ 37. Qf2 Qd6 38. Bf3 Bf7 39. Rd1 Qe7 40. Kg2 Qc7
41. Kf1 Bxb3 42. Re1 Ba7 43. Qd2 Qg3 0-1

[Event "Lansing (Mini-Swiss.1/2)"]
[Site "?"]
[Date "1995.??.??"]
[Round "?"]
[White "Noren, Kevin"]
[Black "Evans Sr., Thomas"]
[Result "1/2-1/2"]
[WhiteElo "2275"]
[BlackElo "1910"]
[PlyCount "100"]
[EventDate "1995.??.??"]

{1/(2)} 1. e4 e6 2. d3 Nc6 3. Nf3 Nf6 4. Nbd2 e5 5. c3 Bc5 6. b4 Bb6 7. b5 Ne7
8. Nxe5 d6 9. Nec4 O-O 10. Be2 Ng6 11. Nxb6 axb6 12. Nf3 c6 13. bxc6 bxc6 14.
O-O Re8 15. Nd4 c5 16. Nc2 Bd7 17. f4 Ba4 18. c4 Qe7 19. Qd2 Bxc2 20. Qxc2 d5
21. e5 Nxe5 22. fxe5 Qxe5 23. Bf3 Qd4+ 24. Qf2 Qxa1 25. Bb2 Qxa2 26. Bxd5 Ra7
27. Bc6 Re6 28. Qg3 Kf8 29. Qb8+ Ne8 30. Bxe8 Rxe8 31. Bxg7+ Kxg7 32. Qxe8 Qb2
33. h3 Qd4+ 34. Kh1 Qxd3 35. Qe5+ Kg8 36. Qe8+ Kg7 37. Qe5+ Kg8 38. Rf3 Qd1+
39. Kh2 Rd7 40. Rg3+ Kf8 41. Qb8+ Rd8 42. Qxb6 Qd6 43. Qb1 h6 44. Qf5 Re8 45.
Qf3 Qe5 46. Qc6 Re6 47. Qc8+ Ke7 48. Qb7+ Kf8 49. Qc8+ Ke7 50. Qb7+ Kf8 1/2-1/2

[Event "Grand Rapids (MI Am/2/43)"]
[Site "?"]
[Date "1995.??.??"]
[Round "?"]
[White "Nolan, Robert"]
[Black "Brant, K."]
[Result "0-1"]
[WhiteElo "1605"]
[BlackElo "1605"]
[PlyCount "43"]
[EventDate "1995.??.??"]

{2/(43)} 1. d4 d5 2. e3 Nf6 3. Bd3 Nc6 4. Nf3 Bg4 5. Nbd2 e5 6. c4 e4 7. h3
Bxf3 8. gxf3 exd3 9. e4 Nxd4 10. O-O dxe4 11. fxe4 Bd6 12. Nb3 Nxb3 13. Qxb3
O-O 14. Qxd3 Bh2+ 15. Kxh2 Qxd3 16. Rg1 g6 17. f3 Qxf3 18. Re1 Nxe4 19. Be3
Rfe8 20. Rad1 Ng3 21. Rd3 Rxe3 22. Rdxe3 0-1